| 000 | 00586nam a2200193Ia 4500 | ||
|---|---|---|---|
| 005 | 20250423100645.0 | ||
| 008 | 250422s9999 xx 000 0 und d | ||
| 020 | _a9788122421774 | ||
| 050 | _aTS 155 .A55/ | ||
| 100 | _aAnil Kumar, S. | ||
| 245 | 0 | _aProduction and operations management : (with skill development, caselets and cases) | |
| 250 | _a2nd ed. | ||
| 260 | _aNew Delhi | ||
| 260 | _bNew Age International | ||
| 260 | _c2008 | ||
| 300 | _a271 p | ||
| 650 | _aProduction management. Materials management. Production control. Electronic books. |2 local | ||
| 942 | _cBK | ||
| 999 |
_c33970 _d33970 |
||